00349nam a2200121 a 450000500170000000800410001702000180005805000220007624500210009826000500011944000280016965000300019720140412111412.0070215s19uu xx 00 eng d a0-86163-968-5 aM 623.8bSh6 1999 aShips and boats. aLondon :bAwards Publications limited,c1999. aPicture the world of... aShips- Juvenile literaure